Time management. Manažerské Řízení a využívaní času

Salvato in:
Dettagli Bibliografici
Autore principale: Crkovská Milena
Altri autori: Vácha, Stanislav
Natura: Libro
Lingua:ceco
Pubblicazione: Praha Eurovia 1993
Edizione:1. vyd.
Serie:Knihovna manažera svazek sv.4
Soggetti:
Accesso online:Visualizza in OPAC
Tags: Aggiungi Tag
Nessun Tag, puoi essere il primo ad aggiungerne!!

MARC

LEADER 00000nam a2200000 a 4500
005 20260127134259.0
008 081203 2008 xr 000 0 cze d
020 |a 8090118623 
035 |a vtls009451300 
039 9 |a 200902111001  |b mschk03  |y 200812030922  |z mschk03 
040 |a STUSCHK1  |b slo  |c STUSCHK1  |e AACR2 
080 |a 338.242 
100 1 |a Crkovská Milena 
245 1 |a Time management. Manažerské Řízení a využívaní času  |c Milena Crkovská, Stanislav Vácha 
250 |a 1. vyd. 
260 |a Praha  |b Eurovia  |c 1993 
300 |a 138 s.  |c 20 cm 
490 0 |a Knihovna manažera svazek  |v sv.4 
650 0 |a čas 
650 0 |a osobní čas 
650 0 |a pracovní čas 
650 0 |a ŕízení 
650 0 |a manažéri 
650 0 |a vedúci pracovníci 
700 1 |a Vácha, Stanislav 
910 |a SCHK95 
919 |a 80-901186-2-3 
999 |c 8672  |d 8672